A Good Life on a Finite Earth the Political Economy of Green Growth

Na minha lista:
Detalhes bibliográficos
Autor principal: Fiorino, Daniel J.
Formato: Livro
Idioma:inglês
Publicado em: New York Oxford University Press 2018
Assuntos:
Tags: Adicionar Tag
Sem tags, seja o primeiro a adicionar uma tag!

MARC

LEADER 00000nam a2200000 4500
001 0281206
005 20230109072512.3
020 |a 978-0-19-060581-0 
020 |a 978-0-19-060580-3 
041 0 |a eng 
044 |a US 
245 1 0 |a A Good Life on a Finite Earth  |b the Political Economy of Green Growth  |c Daniel J. Fiorino 
264 1 |a New York  |b Oxford University Press  |c 2018 
300 |a xvii, 247 s. 
610 2 0 |a ekonomika environmentálna 
610 2 0 |a ekonomika ekologická 
610 2 0 |a rozvoj trvalo udržateľný 
610 2 0 |a ekológia 
610 2 0 |a politika environmentálna 
610 2 0 |a politika ekologická 
610 2 0 |a ekonómia politická 
100 1 |a Fiorino, Daniel J.